Derechos del consumidor /

Guardat en:
Dades bibliogràfiques
Autor principal: Romero-Pérez, Jorge Enrique
Format: Text
Matèries:
Etiquetes: Afegir etiqueta
Sense etiquetes, Sigues el primer a etiquetar aquest registre!

MARC

LEADER 00000 a a2200000 04500
001 14371
003
040
100 |a Romero-Pérez, Jorge Enrique  
245 |a Derechos del consumidor /  |c Jorge Enrique Romero-Pérez 
650 |a PROTECCION AL CONSUMIDOR  
650 |a ECONOMIA  
650 |a CAPITALISMO  
650 |a DERECHO  
650 |a COSTA RICA  
773 |g número 100; páginas 183-217  
999 |c 39184  |d 39184